Statistics for Table Tennis World Number Ones Since 2001

Click here to take the quiz!

General Stats

  • This quiz has been taken 30 times
    (5 since last reset)
  • The average score is 12 of 21

Answer Stats

HintAnswer% Correct
56Fan Zhendong
100%
64Ma Long
100%
8Timo Boll
100%
23Xu Xin
100%
35Chen Meng
75%
33Liu Shiwen
75%
17Ma Lin
75%
20Sun Yingsha
75%
1Wang Chuqin
75%
34Wang Hao
75%
7Zhang Jike
75%
2Dimitrij Ovtcharov
50%
53Ding Ning
50%
55Wang Liqin
50%
1Werner Schlager
50%
9Li Xiaoxia
25%
5Guo Yan
0%
1Guo Yue
0%
24Wang Nan
0%
82Zhang Yining
0%
9Zhu Yuling
0%

Score Distribution

Percentile by Number Answered

Percent of People with Each Score

Your Score History

You have not taken this quiz since the last reset